40 Longest Train Services - Statistics

General Stats
  • This quiz has been taken 595 times
  • The average score is 93 of 160
Answer Stats
ANSWER % Correct
Moscow
94%
Russia
90%
Beijing
89%
Beijing (via Harbin)
89%
Beijing (via Ulan Bator)
89%
China
88%
United States
84%
Shanghai
81%
Los Angeles
77%
India
75%
Canada
73%
Chicago
68%
Vladivostok
68%
Vancouver
65%
Toronto
64%
Guangzhou
63%
Seattle
59%
Australia
58%
Sydney
54%
France
52%
Perth
52%
Urumqi
41%
Ürümqi
41%
Harbin
39%
Lhasa
36%
Bangalore
33%
Portland
30%
Chongqing
28%
New Orleans
28%
Nice
19%
Hangzhou
18%
Kunming
17%
Emeryville
8%
Changchun
7%
Kochi
7%
Amritsar
6%
Jammu
6%
Haikou
5%
Kanyakumari
5%
Chandigarh
4%
Dibrugarh
4%
Guwahati
4%
Wenzhou
4%
Thiruvananthapuram
3%
Mangalore
2%
Tirunelveli
2%
Dehradun
1%
Lianyungang
1%
Barauni
0%
Ernakula
0%
Gorakhpur
0%
Okha
0%
Rameshwaram
0%
No matching quizzes found
Score Distribution
Percent of People with Each Score
Percentile by Number Answered
Your Score History
You have not taken this quiz